000 02732nam0a2200397 4500
001 RU\NLR\BIBL_A\022083416
005 20240112113631.0
010 _a978-5-907666-31-3
_9150
021 _aRU
_bКН-П-23-066003
_9КН-П-23-6721
035 _a(NLR Aleph) 022083416
035 _a(RuMoRGB)012229350
090 _a12695194
_c12695194
100 _a20231128d2022 u y0rusy50 ca
101 0 _arus
102 _aRU
105 _aa j 000zy
181 0 _ai
_baxxe
182 0 _an
200 1 _aЭкологические аспекты переработки и утилизации отходов
_eучебное пособие
_eпо направлениям подготовки 20.03.01 "Техносферная безопасность" и 18.03.02 "Энерго- и ресурсосбережение в химии, нефтехимии и биотехнологии"
_fК. В. Таранцев, А. Г. Ветошкин
_gМинистерство науки и высшего образования Российской Федерации, Федеральное государственное бюджетное образовательное учреждение высшего образования "Пензенский государственный университет" (ПГУ)
203 _aТекст
_bвизуальный
_cнепосредственный
210 _aПенза
_cИзд-во ПГУ
_d2022
215 _a162, [1] с.
_cил.
_d21
320 _aБиблиогр. в конце кн. (39 назв.)
606 1 _aОтходы
_jУчебные издания для высших учебных заведений
_xПереработка
_xЭкологическая безопасность
_92441744
_3RU\NLR\AUTH\6601670371
606 1 _aОтходы
_jУчебные издания для высших учебных заведений
_xУтилизация
_xЭкологическая безопасность
_92441741
_3RU\NLR\AUTH\6601670370
606 1 _aОтходы
_jУчебные издания для высших учебных заведений
_xЗахоронение
_9921161
_3RU\NLR\AUTH\66337742
606 1 _aСточные воды
_jУчебные издания для высших учебных заведений
_xОсадки
_xОбработка
_91700376
_3RU\NLR\AUTH\661054899
675 _a628.54(075.8)
_v4
686 1 _aЖ69я73-1
686 1 _aН761.204.5я73-1
700 1 _aТаранцев
_bК. В.
_gКонстантин Валентинович
701 1 _aВетошкин
_bА. Г.
_f1941-
_gАлександр Григорьевич
942 _cBOOK
980 _aNB